Paul Gauguin (Запись № 9371646)

Подробности
000 -МАРКЕР
контрольное поле 01507nam0a22003491 4500
001 - ИДЕНТИФИКАТОР ЗАПИСИ
контрольное поле RU\NLR\INFOCOMM_161\5000089349
005 - ИДЕНТИФИКАТОР ВЕРСИИ
контрольное поле 20260407073430.0
010 ## - МЕЖДУНАРОДНЫЙ СТАНДАРТНЫЙ НОМЕР КНИГИ (ISBN)
Номер (ISBN) 2-7022-0218-7
035 ## - ДРУГИЕ СИСТЕМНЫЕ НОМЕРА
Идентификатор записи (NLR Aleph) 009316851
100 ## - ДАННЫЕ ОБЩЕЙ ОБРАБОТКИ
Данные общей обработки 20101202d1988 |||y0rusy50 ca
101 1# - ЯЗЫК РЕСУРСА
Язык текста, звукозаписи и т.д. французский
Язык оригинала русский
102 ## - СТРАНА ПУБЛИКАЦИИ ИЛИ ПРОИЗВОДСТВА
Страна публикации франция
-- российская федерация
105 ## - ПОЛЕ КОДИРОВАННЫХ ДАННЫХ: ТЕКСТОВЫЕ МАТЕРИАЛЫ, МОНОГРАФИЧЕСКИЕ
Кодированные данные о монографическом текстовом документе a ||||000|y
200 1# - ЗАГЛАВИЕ И СВЕДЕНИЯ ОБ ОТВЕТСТВЕННОСТИ
Основное заглавие Paul Gauguin
Сведения, относящиеся к заглавию Musée de l'Ermitage, Musée des beaux-arts Pouchkine
-- [Un album
Первые сведения об ответственности Introd. Assia Kantor-Goukovskaïa
Последующие сведения об ответственности Comment. Anna Barskaïa, Marina Bessonova
-- Trad. du russe par Marie-Thérèse Schmitt]
210 ## - ПУБЛИКАЦИЯ, РАСПРОСТРАНЕНИЕ И ДР.
Место издания, распространения и т.д. Paris
-- L.
Имя издателя, распространителя и т. д. Cercle d'art
-- Aurora
Дата издания, распространения и т.д. 1988
215 ## - ФИЗИЧЕСКАЯ ХАРАКТЕРИСТИКА
Специфическое обозначение материала и объем 187 с.
Другие сведения о физической характеристике ил., цв. ил., факс.
Размеры 35 см
300 ## - ОБЩИЕ ПРИМЕЧАНИЯ
Текст примечания В вып. дан.: Поль Гоген в музеях Советского Союза: Альбом
320 ## - ПРИМЕЧАНИЯ О НАЛИЧИИ В ДОКУМЕНТЕ БИБЛИОГРАФИИ / УКАЗАТЕЛЯ
Текст примечания Библиогр.: с. 186-187
600 #1 - ИМЯ ЛИЦА КАК ПРЕДМЕТ
Начальный элемент ввода Гоген
Часть имени, кроме начального элемента ввода П.
Даты 1848-1903
Расширение инициалов личного имени Поль
Формальный подзаголовок Альбомы
Код системы nlr_sh1
686 ## - ИНДЕКСЫ ДРУГИХ КЛАССИФИКАЦИЙ
Индекс Щ143(4Фр)5-8Гоген
Код системы
686 ## - ИНДЕКСЫ ДРУГИХ КЛАССИФИКАЦИЙ
Индекс Щ101.3(2)
Код системы
700 #1 - ИМЯ ЛИЦА - ПЕРВИЧНАЯ ОТВЕТСТВЕННОСТЬ
Код отношения Автор
Графика поля Латинская
Материалы, к которым относится поле fre
Начальный элемент ввода Gauguin
Часть имени, кроме начального элемента ввода P.
Даты 1848-1903
Расширение инициалов личного имени Paul
Идентификатор авторитетной/нормативной записи RU\NLR\AUTH\770277679
Системный номер авторитетной/нормативной записи 2649646
702 #1 - ИМЯ ЛИЦА - ВТОРИЧНАЯ ОТВЕТСТВЕННОСТЬ
Код отношения Составитель
Графика поля Латинская
Материалы, к которым относится поле rus
Начальный элемент ввода Kantor-Gukovskaja
Часть имени, кроме начального элемента ввода A. S.
Расширение инициалов личного имени Asja Solomonovna
Идентификатор авторитетной/нормативной записи RU\NLR\AUTH\770282452
Системный номер авторитетной/нормативной записи 2671586
702 #1 - ИМЯ ЛИЦА - ВТОРИЧНАЯ ОТВЕТСТВЕННОСТЬ
Начальный элемент ввода Barskaja
Часть имени, кроме начального элемента ввода A. G.
Даты 1909-1984
Расширение инициалов личного имени Anna Grigor'evna
Код отношения Функция не определена
712 02 - НАИМЕНОВАНИЕ ОРГАНИЗАЦИИ - ВТОРИЧНАЯ ОТВЕТСТВЕННОСТЬ
Код отношения Прочие
Материалы, к которым относится поле eng
Начальный элемент ввода Hermitage
Идентифицирующий признак Leningrad
Графика поля Латинская
Идентификатор авторитетной/нормативной записи RU\NLR\AUTH\883327
Системный номер авторитетной/нормативной записи 277887
801 #1 - ИСТОЧНИК ЗАПИСИ
Страна российская федерация
Организация NLR
Дата составления 20101202
801 #0 - ИСТОЧНИК ЗАПИСИ
Страна российская федерация
Организация NLR
Правила каталогизации PSBO
852 ## - МЕСТОНАХОЖДЕНИЕ И ШИФР ХРАНЕНИЯ
Идентификатор организации NLR
Шифр хранения (Call Number) Э АлИс590/2-Г581
942 ## - ДОПОЛНИТЕЛЬНЫЕ ЭЛЕМЕНТЫ ЗАПИСИ (АБИС)
Тип экземпляра АБИС Книга
980 ## - КОЛЛЕКЦИЯ
Название коллекции Национальная библиография
Экземпляры
Тип экземпляра Дата поступления Библиотека постоянного хранения Библиотека текущего хранения Место хранения Шифр хранения Штрих-код Статус не для выдачи Источник поступления Стоимость
Книга 26.10.2013 РНБ (Садовая) РНБ (Садовая) Фонд эстампов и фотографий иностранный Э АлИс590/2-Г581 9316851-10      
Книга 06.05.2015 РНБ (Садовая) РНБ (Садовая) Фонд международного книгообмена   1-858251   Дар 300.00
Книга 04.09.2015 РНБ (Садовая) РНБ (Садовая) Фонд международного книгообмена   1-988037   Дар 300.00